|
|
|
|
| LEADER |
01000cam a2200265 a 4500 |
| 001 |
c000232729 |
| 003 |
CARM |
| 005 |
20070416171733.0 |
| 008 |
810323r19791978enkabj 000 1beng d |
| 015 |
|
|
|a B8003847
|
| 019 |
1 |
|
|a 1976285
|5 LACONCORD2021
|
| 020 |
|
|
|a 009919970X (Pbk) :
|c £1.00
|
| 035 |
|
|
|a (OCoLC)16481697
|5 LACONCORD2021
|
| 040 |
|
|
|a BNB
|b eng
|c BNB
|d XNTU
|
| 082 |
0 |
4 |
|a 823/.9/1F
|
| 100 |
1 |
|
|a Edwards, Rhoda.
|
| 245 |
1 |
0 |
|a Fortune's wheel /
|c [by] Rhoda Edwards.
|
| 260 |
|
|
|a London :
|b Arrow Books,
|c 1979.
|
| 300 |
|
|
|a 318p :
|b 2 ill, geneal table, map ;
|c 18cm.
|
| 500 |
|
|
|a Fiction in English, 1900-. Texts (BNB/PRECIS)
|
| 500 |
|
|
|a Originally published: London : Hutchinson, 1978.
|
| 505 |
0 |
|
|a Based on the early life of King Richard III.
|
| 852 |
8 |
|
|b CARM
|h A1:AP29A0
|i A04218
|p 0345252
|f BK
|
| 999 |
f |
f |
|i eaa0d8d4-beb9-54b2-98ee-4e44adb12c14
|s ffc99137-03f1-5c4b-930d-49dc5305e830
|
| 952 |
f |
f |
|p Can circulate
|a CAVAL
|b CAVAL
|c CAVAL
|d CARM 1 Store
|e A04218
|f A1:AP29A0
|h Other scheme
|i book
|m 0345252
|